[Event "OP-2013-0-02618"]
[Site "LSS email"]
[Date "2013.01.31"]
[Round "?"]
[White "Boucher, Brice Quentin"]
[Black "Dlugolecki, Grzegorz"]
[Result "0-1"]
[WhiteElo "1648"]
[BlackElo "1601"]
[PlyCount "72"]
[EventDate "2013.01.28"]
[EventType "tourn (corr)"]
[EventRounds "4"]
[EventCountry "GER"]
[SourceTitle "Telechess CBM 161"]
[Source "ChessBase"]
[SourceDate "2014.07.16"]
[SourceVersion "1"]
[SourceVersionDate "2014.07.16"]
[SourceQuality "1"]

1. c4 e5 2. Nc3 Nf6 3. g3 d5 4. cxd5 Nxd5 5. Bg2 Nb6 6. Nf3 Nc6 7. 0-0 Be7 8. d3 Be6 9. Bd2 h6 10. Rc1 a6 11. Ne4 0-0 12. Qc2 Nd7 13. b4 Bxb4 14. Bxb4 Nxb4 15. Qb2 Nxa2 16. Ra1 a5 17. Rxa2 Bxa2 18. Qxa2 Re8 19. Rb1 Ra7 20. Rb5 c6 21. Nd6 Rf8 22. Rb1 b5 23. Qc2 Qc7 24. Nf5 a4 25. Ne7+ Kh8 26. Qxc6 Nf6 27. Qxc7 Rxc7 28. Nf5 Rfc8 29. Rxb5 Rc1+ 30. Bf1 Ra8 31. Nd2 a3 32. Ne3 a2 33. Nb3 Kh7 34. Nc4 Rb1 35. Ra5 Rxa5 36. Ncxa5 Nd7 0-1

[Event "OP-2013-0-02618"]
[Site "LSS email"]
[Date "2013.01.31"]
[Round "?"]
[White "Stadler, Pavel"]
[Black "Boucher, Brice Quentin"]
[Result "0-1"]
[WhiteElo "1421"]
[BlackElo "1648"]
[PlyCount "74"]
[EventDate "2013.01.28"]
[EventType "tourn (corr)"]
[EventRounds "4"]
[EventCountry "GER"]
[SourceTitle "Telechess CBM 161"]
[Source "ChessBase"]
[SourceDate "2014.07.16"]
[SourceVersion "1"]
[SourceVersionDate "2014.07.16"]
[SourceQuality "1"]

1. e4 g6 2. d4 Bg7 3. Bc4 d6 4. Nc3 Nf6 5. f3 0-0 6. Nge2 c6 7. Be3 b5 8. Bb3 a5 9. a3 Nbd7 10. Qd2 Nb6 11. 0-0 Qc7 12. Rad1 a4 13. Ba2 Nc4 14. Bxc4 bxc4 15. Bh6 Re8 16. Bxg7 Kxg7 17. Kh1 Bd7 18. f4 d5 19. e5 Ng8 20. Ng3 Nh6 21. h3 Reb8 22. Rb1 Rb7 23. Nce2 Rab8 24. c3 Nf5 25. Nxf5+ Bxf5 26. g4 Bxb1 27. Rxb1 Rb5 28. f5 Qb7 29. f6+ exf6 30. exf6+ Kxf6 31. Qh6 Rxb2 32. Rf1+ Ke7 33. Qxh7 Rf8 34. Qh4+ Kd7 35. Ng1 Qb8 36. Nf3 Rh8 37. Ne5+ Qxe5 0-1

[Event "FICGS rapid D 000039 email"]
[Site "FICGS email"]
[Date "2010.04.17"]
[Round "1"]
[White "Boucher, Brice Quentin"]
[Black "Nguyen, Hao Nhien"]
[Result "0-1"]
[WhiteElo "1466"]
[BlackElo "1497"]
[PlyCount "42"]
[EventDate "2010.??.??"]
[EventType "tourn (rapid)"]
[EventRounds "5"]
[SourceTitle "Corr 2013"]
[Source "ChessBase"]
[SourceDate "2012.11.12"]
[SourceVersion "1"]
[SourceVersionDate "2012.11.12"]
[SourceQuality "1"]

1. f4 d5 2. Nf3 c5 3. e3 Nc6 4. Bb5 Bd7 5. Bxc6 bxc6 6. b3 e6 7. Bb2 Nf6 8. d3 Bd6 9. 0-0 Qc7 10. Nbd2 h6 11. h3 Ke7 12. Ne5 Rag8 13. e4 g5 14. Nxd7 Qxd7 15. e5 gxf4 16. Rxf4 Ne8 17. exd6+ Qxd6 18. Qf3 Rh7 19. Rf1 f5 20. Qe2 Kd7 21. Be5 Qe7 0-1

[Event "FICGS rapid D 000039 email"]
[Site "FICGS email"]
[Date "2010.04.17"]
[Round "1"]
[White "Leurette, Marc Antoine"]
[Black "Boucher, Brice Quentin"]
[Result "1-0"]
[WhiteElo "1412"]
[BlackElo "1466"]
[PlyCount "31"]
[EventDate "2010.??.??"]
[EventType "tourn (rapid)"]
[EventRounds "5"]
[SourceTitle "Corr 2013"]
[Source "ChessBase"]
[SourceDate "2012.11.12"]
[SourceVersion "1"]
[SourceVersionDate "2012.11.12"]
[SourceQuality "1"]

1. e4 d6 2. d4 e6 3. Nf3 g6 4. Nc3 Bg7 5. Be2 Ne7 6. 0-0 0-0 7. Bf4 c5 8. dxc5 dxc5 9. Qxd8 Rxd8 10. Rad1 Rxd1 11. Rxd1 Nbc6 12. e5 h5 13. Bg5 Nf5 14. Bf6 Nfd4 15. Nxd4 Nxd4 16. Bd3 1-0

[Event "LSS RC-2009-0-00036"]
[Site "LSS email"]
[Date "2010.02.06"]
[Round "?"]
[White "Boucher, Brice Quentin"]
[Black "Khlopov, Sergej"]
[Result "0-1"]
[WhiteElo "1648"]
[BlackElo "1685"]
[PlyCount "28"]
[EventDate "2009.11.21"]
[EventType "tourn (corr)"]
[EventRounds "6"]
[EventCountry "GER"]
[SourceTitle "Corr 2013"]
[Source "ChessBase"]
[SourceDate "2012.11.12"]
[SourceVersion "1"]
[SourceVersionDate "2012.11.12"]
[SourceQuality "1"]

1. e4 e5 2. Nf3 Nc6 3. Bb5 a6 4. Ba4 Nf6 5. 0-0 b5 6. Bb3 Bb7 7. c3 Nxe4 8. Re1 Nc5 9. Bc2 Ne6 10. Nxe5 Nxe5 11. d4 Ng6 12. d5 Qf6 13. dxe6 dxe6 14. Qe2 Bc5 0-1

[Event "FICGS class D 000141 email"]
[Site "FICGS email"]
[Date "2010.02.02"]
[Round "1"]
[White "Cridland, Graham M"]
[Black "Boucher, Brice Quentin"]
[Result "1-0"]
[WhiteElo "1479"]
[BlackElo "1410"]
[PlyCount "63"]
[EventDate "2010.??.??"]
[EventType "tourn (corr)"]
[EventRounds "1"]
[SourceTitle "Corr 2013"]
[Source "ChessBase"]
[SourceDate "2012.11.12"]
[SourceVersion "1"]
[SourceVersionDate "2012.11.12"]
[SourceQuality "1"]

1. e4 c5 2. Nf3 e6 3. d4 cxd4 4. Nxd4 a6 5. Nc3 Qc7 6. Be2 Nf6 7. Be3 Bb4 8. Qd3 Bxc3+ 9. bxc3 d5 10. e5 Qxe5 11. 0-0 0-0 12. Rae1 b5 13. f4 Qc7 14. Rf3 Ne4 15. Bc1 f5 16. Rh3 Nc6 17. Ba3 Rf6 18. Bb2 Na5 19. c4 Nxc4 20. Ba1 Qxf4 21. Rf1 Qd2 22. Nc6 Rh6 23. Rxh6 Qxh6 24. Ne7+ Kh8 25. g4 f4 26. Nf5 exf5 27. Qxd5 Be6 28. Qxa8+ Bg8 29. gxf5 Ng5 30. Kh1 Ne3 31. Rxf4 Nh3 32. Rf3 1-0

[Event "FICGS class D 000141 email"]
[Site "FICGS email"]
[Date "2010.02.02"]
[Round "1"]
[White "Jacobs, Francois"]
[Black "Boucher, Brice Quentin"]
[Result "1-0"]
[WhiteElo "1534"]
[BlackElo "1410"]
[PlyCount "27"]
[EventDate "2010.??.??"]
[EventType "tourn (corr)"]
[EventRounds "1"]
[SourceTitle "Corr 2013"]
[Source "ChessBase"]
[SourceDate "2012.11.12"]
[SourceVersion "1"]
[SourceVersionDate "2012.11.12"]
[SourceQuality "1"]

1. e4 c5 2. c3 d5 3. exd5 Qxd5 4. d4 cxd4 5. cxd4 e6 6. Nf3 Nf6 7. Nc3 Bb4 8. Bd3 Bxc3+ 9. bxc3 0-0 10. 0-0 Nc6 11. Re1 b6 12. Bg5 Ne8 13. Be7 Nxe7 14. Be4 1-0

[Event "FICGS rapid D 000034 email"]
[Site "FICGS email"]
[Date "2010.01.31"]
[Round "1"]
[White "Leurette, Marc Antoine"]
[Black "Boucher, Brice Quentin"]
[Result "1-0"]
[WhiteElo "1397"]
[BlackElo "1410"]
[PlyCount "59"]
[EventDate "2010.??.??"]
[EventType "tourn (rapid)"]
[EventRounds "5"]
[SourceTitle "Corr 2013"]
[Source "ChessBase"]
[SourceDate "2012.11.12"]
[SourceVersion "1"]
[SourceVersionDate "2012.11.12"]
[SourceQuality "1"]

1. e4 c5 2. Nc3 e6 3. g3 d5 4. d3 Nc6 5. exd5 exd5 6. Bg2 Nf6 7. Bg5 Be6 8. Qd2 Be7 9. 0-0-0 a6 10. Nge2 h6 11. Bxf6 Bxf6 12. f4 0-0 13. h3 b5 14. g4 b4 15. Na4 Qa5 16. b3 Ne7 17. g5 hxg5 18. fxg5 Be5 19. h4 c4 20. dxc4 dxc4 21. h5 Rad8 22. Qe3 Nf5 23. Qe4 cxb3 24. axb3 Ng3 25. Nxg3 Bxg3 26. g6 fxg6 27. Qxg6 Bf4+ 28. Kb1 Qf5 29. Qxf5 Bxf5 30. Rxd8 1-0